书目信息 |
| 题名: |
2016年考研日语指南
|
|
| 作者: | 易友人 主编 | |
| 分册: | ||
| 出版信息: | 北京 中国人民大学出版社 2015 |
|
| 页数: | 553页 | |
| 开本: | 26cm | |
| 丛书名: | ||
| 单 册: | ||
| 中图分类: | H360.421 | |
| 科图分类: | ||
| 主题词: | 日语--Ri Yu--研究生--入学考试--升学参考资料 | |
| 电子资源: | ||
| ISBN: | 978-7-300-21410-8 | |
| 000 | 00923nam0 22002411 450 | |
| 001 | 0101082431 | |
| 005 | 20161202091730.09 | |
| 010 | @a978-7-300-21410-8@dCNY68.00 | |
| 100 | @a20150824d2015 em y0chiy50 ea | |
| 101 | 0 | @achi@ajpn |
| 102 | @aCN@b110000 | |
| 105 | @ay z 000yy | |
| 106 | @ar | |
| 200 | 1 | @a2016年考研日语指南@A2016Nian Kao Yan Ri Yu Zhi Nan@f易友人主编 |
| 205 | @a17版 | |
| 210 | @a北京@c中国人民大学出版社@d2015 | |
| 215 | @a553页@d26cm | |
| 330 | @a本书是为报考硕士研究生非日语专业考生编写的辅导用书,以教育部制定的《全国硕士研究生入学日语考试大纲》(非日语专业)为依据,根据编者长期的教学经验和辅导硕士研究生入学考试的实践,在词汇、语法、读解和翻译、作文等方面进行了较为详细的指导和讲解。 | |
| 606 | 0 | @a日语@ARi Yu@x研究生@x入学考试@j升学参考资料 |
| 690 | @aH360.421@v5 | |
| 701 | 0 | @a易友人@AYi You Ren@4主编 |
| 801 | 0 | @aCN@bTANGWEI@c20161128 |
| 905 | @b0951285-9@dH360.421@e561=17@f5 | |
| 2016年考研日语指南/易友人主编 .-17版.-北京:中国人民大学出版社,2015 |
| 553页;26cm |
| ISBN 978-7-300-21410-8:CNY68.00 |
| 本书是为报考硕士研究生非日语专业考生编写的辅导用书,以教育部制定的《全国硕士研究生入学日语考试大纲》(非日语专业)为依据,根据编者长期的教学经验和辅导硕士研究生入学考试的实践,在词汇、语法、读解和翻译、作文等方面进行了较为详细的指导和讲解。 |
| ● |
| 相关链接 |
|
|
|
|
正题名:2016年考研日语指南
索取号:H360.421/561=17
 
预约/预借
| 序号 | 登录号 | 条形码 | 馆藏地/架位号 | 状态 | 备注 |
| 1 | 0951285 | 209512856 | 第二样本阅览室/ [索取号:H360.421/561=17] | 在馆 | |
| 2 | 0951286 | 209512865 | 第四借阅区/ [索取号:H360.421/561=17] | 在馆 | |
| 3 | 0951287 | 209512874 | 第四借阅区/ [索取号:H360.421/561=17] | 在馆 | |
| 4 | 0951288 | 209512883 | 第四借阅区/ [索取号:H360.421/561=17] | 在馆 | |
| 5 | 0951289 | 209512892 | 第四借阅区/ [索取号:H360.421/561=17] | 在馆 |